Retail management : (Record no. 13503)
[ view plain ]
| 000 -LEADER | |
|---|---|
| fixed length control field | 02445nac a22003131u 4500 |
| 008 - FIXED-LENGTH DATA ELEMENTS--GENERAL INFORMATION | |
| fixed length control field | 100224s19982010mau|||||r|||| 001 0 eng d |
| 020 ## - INTERNATIONAL STANDARD BOOK NUMBER | |
| International Standard Book Number | 0132465507 |
| 020 ## - INTERNATIONAL STANDARD BOOK NUMBER | |
| International Standard Book Number | 9780132465502 |
| 082 ## - DEWEY DECIMAL CLASSIFICATION NUMBER | |
| Classification number | 658.87 |
| Item number | BER |
| Edition number | 22 |
| 100 ## - MAIN ENTRY--PERSONAL NAME | |
| Personal name | Berman, Barry. |
| 9 (RLIN) | 11887 |
| 245 ## - TITLE STATEMENT | |
| Title | Retail Management : |
| Remainder of title | A Strategic Approach / |
| Statement of responsibility, etc | Barry Berman & Joel R. Evans. |
| 250 ## - EDITION STATEMENT | |
| Edition statement | 11th ed. |
| 260 ## - PUBLICATION, DISTRIBUTION, ETC. (IMPRINT) | |
| Place of publication, distribution, etc | Upper Saddle River, N.J. : |
| Name of publisher, distributor, etc | Pearson Prentice Hall, 2010 |
| Date of publication, distribution, etc | 2010. |
| 300 ## - PHYSICAL DESCRIPTION | |
| Extent | 654 p. : |
| Other physical details | col. ill., col. ports. ; |
| Dimensions | 28 cm. |
| 500 ## - GENERAL NOTE | |
| General note | "International edition" - cover. |
| 504 ## - BIBLIOGRAPHY, ETC. NOTE | |
| Bibliography, etc | Includes bibliographical references (p.621-632) and indexes. |
| 650 ## - SUBJECT ADDED ENTRY--TOPICAL TERM | |
| Topical term or geographic name as entry element | Retail trade |
| General subdivision | Management. |
| 9 (RLIN) | 11888 |
| 700 ## - ADDED ENTRY--PERSONAL NAME | |
| Personal name | Evans, Joel R. |
| 9 (RLIN) | 11889 |
| 942 ## - ADDED ENTRY ELEMENTS (KOHA) | |
| Item type | NB - Book (Non borrowing) |
| Call number prefix | 658.87BER |
| Source of classification or shelving scheme | Dewey Decimal Classification |
| Withdrawn status | Item status | Source of classification or shelving scheme | Damaged status | Not for loan | Vendor | Home library | Current library | Shelving location | Date acquired | Source of acquisition | Total Checkouts | Full call number | Barcode | Date last seen | Date last borrowed | Koha item type | Materials specified (bound volume or other part) | Total Renewals | Cost, normal purchase price | Serial Enumeration / chronology |
|---|---|---|---|---|---|---|---|---|---|---|---|---|---|---|---|---|---|---|---|---|
| Dewey Decimal Classification | Baccah | Central Library | Central Library | First floor | 24/02/2010 | 13 | 658.87 BER | 000019991 | 15/07/2025 | 10/04/2013 | NB - Book (Non borrowing) | |||||||||
| Dewey Decimal Classification | Damaged | Baccah | Central Library | Central Library | First floor | 10/03/2010 | 19 | 658.87 BER | 000020171 | 24/08/2016 | 27/02/2016 | Book - Borrowing | BOX04 | 86 | ||||||
| Lost | Dewey Decimal Classification | Baccah | Central Library | Central Library | First floor | 10/03/2010 | 5 | 658.87 BER | 000020165 | 22/05/2011 | 16/05/2011 | Book - Borrowing | Lost In Inventory_2015-8-23 | 10 | ||||||
| Dewey Decimal Classification | Damaged | Baccah | Central Library | Central Library | First floor | 10/03/2010 | 13 | 658.87 BER | 000020164 | 24/08/2016 | 25/11/2015 | Book - Borrowing | BOX04 | 40 | ||||||
| Lost | Dewey Decimal Classification | Baccah | Central Library | Central Library | First floor | 10/03/2010 | 1 | 658.87 BER | 000020163 | 14/04/2010 | 01/04/2010 | Book - Borrowing | Lost In Inventory_2015-8-23 | 2 | ||||||
| Dewey Decimal Classification | Damaged | Alahram | Central Library | Central Library | First floor | 15/03/2010 | 16 | 658.87 BER | 000020219 | 24/08/2016 | 17/12/2015 | Book - Borrowing | BOX04 | 55 | 199.00 | 300 | ||||
| Dewey Decimal Classification | Damaged | Baccah | Central Library | Central Library | First floor | 15/03/2011 | 13 | 658.87 BER | 000022981 | 24/08/2016 | 15/11/2015 | Book - Borrowing | BOX04 | 53 | ||||||
| Dewey Decimal Classification | Baccah | Central Library | Central Library | First floor | 26/02/2012 | 17 | 658.87 BER | 000026210 | 15/07/2025 | 10/10/2018 | Book - Borrowing | 96 | ||||||||
| Dewey Decimal Classification | Baccah | Central Library | Central Library | First floor | 26/02/2012 | 20 | 658.87 BER | 000026211 | 15/07/2025 | 17/05/2018 | Book - Borrowing | 137 | ||||||||
| Dewey Decimal Classification | Central Library | Central Library | First floor | 14/03/2018 | 6 | 658.87 BER | 000047393 | 15/07/2025 | 09/01/2022 | Book - Borrowing | 8 |